| 000 | 00000nam##2200000za#4500 |
| 001 | 9.671931 |
| 003 | CaOODSP |
| 005 | 20210615130526 |
| 007 | ta |
| 008 | 150407|2010||||xxc||||| f|0| 0 pan|d |
| 020 | |a978-0-662-03331-8 |
| 040 | |aCaOODSP|beng |
| 041 | |apan |
| 043 | |an-cn--- |
| 086 | 1 |aHP40-38/2009Pu |
| 110 | 2 |aPublic Health Agency of Canada. |
| 245 | 12|aA parent's guide to immunization |
| 260 | |aOttawa - Ontario : |bPublic Health Agency of Canada |cc2010. |
| 300 | |a15p. : |bfigs., photographs ; |c14 cm. |
| 546 | |aText in Punjabi. |
| 563 | |aSoftcover |
| 590 | |a10-20|b2010-05-21 |
| 690 | 07|aImmunization|2gcpds |
| 775 | 08|tA parent's guide to immunization |w(CaOODSP)9.652098 |
| 775 | 08|tGuide des parents sur la vaccination |w(CaOODSP)9.672528 |
| 775 | 08|tGuide des parents sur la vaccination |w(CaOODSP)9.671940 |
| 775 | 08|tGuide des parents sur la vaccination |w(CaOODSP)9.672530 |
| 776 | 0#|t[Guide des parents sur la vaccination] |w(CaOODSP)9.675028 |
| 792 | |tGuide des parents sur la vaccination |efre|w(CaOODSP)9.671932 |